<An> assessment of the economic value of clusters and their influence on companies in the Serbian transition economy
Ekonomická hodnota klastrov a ich vplyv na firmy v Srbsku v tranzitívnej ekonomike.
Enregistré dans:
| Auteur principal: | |
|---|---|
| Autres auteurs: | |
| Format: | Chapitre de livre |
| Langue: | anglais |
| Sujets: | |
| Tags: |
Pas de tags, Soyez le premier à ajouter un tag!
|
MARC
| LEADER | 00000naa a2200000 4500 | ||
|---|---|---|---|
| 001 | 0178583 | ||
| 005 | 20231211071119.4 | ||
| 041 | 0 | |a eng | |
| 044 | |a CZ | ||
| 245 | 1 | 0 | |a <An> assessment of the economic value of clusters and their influence on companies in the Serbian transition economy |c Gajo M. Vanka, Wilhelmus Johannes Maria Heijman |
| 520 | |a Ekonomická hodnota klastrov a ich vplyv na firmy v Srbsku v tranzitívnej ekonomike. | ||
| 610 | 2 | 0 | |a klaster |
| 610 | 2 | 0 | |a obchod |
| 610 | 2 | 0 | |a konkurencia |
| 610 | 2 | 0 | |a inovácia |
| 610 | 2 | 0 | |a firmy |
| 610 | 2 | 0 | |a krajiny tranzitívne |
| 610 | 2 | 0 | |a Srbsko |
| 100 | 1 | |a Vanka, Gajo M. | |
| 700 | 1 | |a Heijman, Wim | |